|
|
|
|
| LEADER |
02571cam a2200577 c 4500 |
| 001 |
372231373 |
| 003 |
DE-627 |
| 005 |
20250612025340.0 |
| 007 |
tu |
| 008 |
031028s2002 ne ||||| 00| ||dut c |
| 010 |
|
|
|a 2003487174
|
| 020 |
|
|
|a 905544362X
|9 90-5544-362-X
|
| 024 |
3 |
|
|a 9789055443628
|
| 035 |
|
|
|a (DE-627)372231373
|
| 035 |
|
|
|a (DE-576)107244535
|
| 035 |
|
|
|a (DE-599)GBV372231373
|
| 035 |
|
|
|a (OCoLC)845612043
|
| 035 |
|
|
|a (OCoLC)53186900
|
| 035 |
|
|
|a (OCoLC)845612043
|
| 040 |
|
|
|a DE-627
|b ger
|c DE-627
|e rakwb
|
| 041 |
|
|
|a dut
|
| 044 |
|
|
|c XA-NL
|
| 050 |
|
0 |
|a ND653.B65
|
| 084 |
|
|
|a 9,10
|2 ssgn
|
| 084 |
|
|
|a LI 17405
|2 rvk
|0 (DE-625)rvk/95627:13283
|
| 084 |
|
|
|a 20.31
|2 bkl
|
| 084 |
|
|
|a 21.02
|2 bkl
|
| 100 |
1 |
|
|a Vandenbroeck, Paul
|d 1953-
|0 (DE-588)143608940
|0 (DE-627)647700611
|0 (DE-576)164152660
|4 aut
|
| 245 |
1 |
0 |
|a Jheronimus Bosch
|b de verlossing van de wereld
|c Paul Vandenbroeck
|
| 264 |
|
1 |
|a Gent [u.a.]
|b Ludion
|c c2002
|
| 300 |
|
|
|a 430 S
|b Ill
|c 26 cm
|
| 336 |
|
|
|a Text
|b txt
|2 rdacontent
|
| 337 |
|
|
|a ohne Hilfsmittel zu benutzen
|b n
|2 rdamedia
|
| 338 |
|
|
|a Band
|b nc
|2 rdacarrier
|
| 500 |
|
|
|a Bibliogr. 403 - 417. - index
|
| 583 |
1 |
|
|a Archivierung prüfen
|c 20200919
|f DE-640
|z 1
|2 pdager
|
| 583 |
1 |
|
|a Archivierung/Langzeitarchivierung gewährleistet
|f SSG
|x XA-DE-BW
|2 pdager
|5 DE-16
|
| 600 |
1 |
0 |
|a Bosch, Hieronymus
|d -1516
|x Criticism and interpretation
|
| 689 |
0 |
0 |
|d p
|0 (DE-588)11851380X
|0 (DE-627)079316786
|0 (DE-576)208872531
|a Bosch, Hieronymus
|d 1450-1516
|2 gnd
|
| 689 |
0 |
|
|5 (DE-627)
|
| 700 |
1 |
|
|a Bosch, Hieronymus
|d 1450-1516
|e Ill.
|0 (DE-588)11851380X
|0 (DE-627)079316786
|0 (DE-576)208872531
|4 ill
|
| 787 |
0 |
8 |
|i Rezensiert in
|a Rothstein, Bret
|t [Rezension von: Paul Vandenbroeck, Jheronimus Bosch]
|d 2004
|w (DE-627)1919829768
|
| 856 |
4 |
2 |
|u https://swbplus.bsz-bw.de/bsz107244535rez.htm
|m V:DE-576
|v 2005-05-24
|3 Rezension
|7 1
|
| 935 |
|
|
|i Blocktest
|
| 936 |
r |
v |
|a LI 17405
|b Biografien, Werkdarstellungen, Gedenkreden und andere Gesamtwürdigungen (Sammelwerke, Festschriften etc.)
|k Kunstgeschichte
|k Künstler-Monografien
|k Alphabetische Künstlerliste
|k Künstler B
|k Bosch, Hieronymus (bis 17410)
|k Biografien, Werkdarstellungen, Gedenkreden und andere Gesamtwürdigungen (Sammelwerke, Festschriften etc.)
|0 (DE-627)1271527405
|0 (DE-625)rvk/95627:13283
|0 (DE-576)201527405
|
| 936 |
b |
k |
|a 20.31
|j Bildende Künstler
|0 (DE-627)181571080
|
| 936 |
b |
k |
|a 21.02
|j Geschichte der Malerei
|0 (DE-627)106406698
|
| 951 |
|
|
|a BO
|
| 990 |
|
|
|a Bosch, Hieronymus
|
| 991 |
|
|
|a Rezensiertes Werk
|
| 999 |
|
|
|a KXP-PPN372231373
|e 4987929090
|